| 000 | 00484nam a2200169Ia 4500 | ||
|---|---|---|---|
| 999 |
_c22724 _d22724 |
||
| 003 | OSt | ||
| 005 | 20200319102538.0 | ||
| 008 | 190216s9999||||xx |||||||||||||| ||und|| | ||
| 020 | _a9788182712577 | ||
| 040 | _coclc | ||
| 082 |
_a909 _bJAM/C |
||
| 100 |
_aJamal, P K _91972 |
||
| 245 | 0 |
_aCharithrathinte Tharapathangalil / _c P K Jamal |
|
| 260 |
_bIslamic Publishing House, _aKozhikode: _c2006. |
||
| 300 | _a197p | ||
| 942 |
_cBK _2ddc _h909 _iJAM/C _k909 _mJAM/C |
||